000 00324nam a2200121 i 4500
001 bg
245 0 _aPrace Ośrodka Gdańskiego w zakresie teorii techniki skrawania oraz metrologii warsztatowej.
260 _aGdańsk,
_c1968.
040 _cBPK
041 _apol
942 _cKS
008 s pl f |000 0 pol
999 _c26067
_d26067
856 _uhttp://koha.tu.koszalin.pl/cgi-bin/koha/opac-detail.pl?biblionumber=26067
_yKatalog online BPK